000 00522nam a22001817a 4500
003 OSt
005 20140310181755.0
008 130629t xxu||||| |||| 00| 0 eng d
020 _a9716590601
050 _aGV 1493
_b.Sc416Ch 1996 vol.2
082 _aFIL 540
_bSc3 1998
245 _aScience crosswords and other puzzles :
_bchemistry. /
260 _aMakati City :
_bBelgosa Dist,
_c1998.
300 _a40 cm. :
_c23 cm.
_bill. ;
650 _aChemistry
_xCrosswords
_xPuzzles
942 _2lcc
_cBK
_kFIL
999 _c3383
_d3383